000 01351nam a2200337 i 4500
001 12204
003 KOSZ 005
005 20200630132826.0
008 080727s1960 pl a f 001 0 pol
015 _aPB 1960/2712
040 _aWA N
_cKOSZ 005/RW
_dKOSZ 005/RW
080 _a301+39+012/014
100 1 _aKrzywicki, Ludwik
_d(1859-1941).
_eAutor
245 1 0 _aArtykuły i rozprawy 1888-1889 /
_cLudwik Krzywicki ; [red. Alina Osiadacz-Molska] ; Polska Akademia Nauk.
260 _aWarszawa :
_bPaństwowe Wydawnictwo Naukowe,
_c1960.
300 _a602, [2] s., [4] k. tabl. :
_bil. ;
_c25 cm.
380 _aKsiążki.
490 1 _aDzieła / Ludwik Krzywicki ;
_vt. 4.
500 _aKom. red. całości: Józef Chałasiński.
504 _aBibliogr. s. [593]. Indeks.
536 _aWydano z zasiłku Ministerstwa Szkolnictwa Wyższego.
580 _aT. 1 poz. 803/58.
650 4 _aNauki ekonomiczne
650 4 _aNauki społeczne
700 1 _aMolska, Alina
_d(1929-2011).
_eRedakcja
700 1 _aChałasiński, Józef
_d(1904-1979).
_eRedakcja
710 2 _aPaństwowe Wydawnictwo Naukowe
_4pbl.
800 1 _aKrzywicki, Ludwik
_d(1859-1941).
_tDzieła ;
_vt. 4.
856 _uhttp://koha.tu.koszalin.pl/cgi-bin/koha/opac-detail.pl?biblionumber=12204
_yKatalog online BPK
942 _2UKD
_cKS
999 _c12204
_d12204